000 00995cam a2200313 i 4500
001 000019624
003 DO-SdBNP
005 20230525132452.0
007 ta
008 840627s1970 sp 001 f spa d
040 _aDO-SdBNP
_bspa
_cBNPHU
_erda
049 _aBNGR
082 4 _a863.6
_bV181re, 1970
_222
100 1 _aValle-Inclán, Ramón del,
_d1866-1936.
_93325
_eautor
245 1 3 _aEl resplandor de la hoguera /
_cRamón del Valle-Inclán.
250 _a4a ed.
264 _aMadrid :
_bEspasa-Calpe,
_c1970.
300 _a151 páginas ;
_c18 cm.
336 _2rdacontent
_atexto
_btxt
337 _2rdamedia
_asin mediación
_bn
338 _2rdacarrier
_avolumen
_bnc
490 1 _aAustral. Azul: novelas y cuentos en general
_v480
490 1 _aLa guerra carlista
650 4 _aNovela española
_91123
650 4 _aLiteratura española
_9632
830 0 _aAustral.
_pAzul: novelas y cuentos en general;
_v480
_922386
830 3 _aLa guerra carlista
_941660
942 _2ddc
_cLBS1
999 _c19140
_d19140